000 00752 a2200157 4500
999 _c4086
_d4086
020 _a0850925703
050 _aLB1738.5 COM 1998
110 _a Commonwealth Secretariat.; Association for the Development of Education in Africa. Working Group on the Teaching Profession.
245 _aResource materials for school inspectors :
_b Module 1, A trainer's guide for the induction of newly appointed inspectors /
264 _a[London] :
_b: Commonwealth Secretariat/ADEA,
_c1998
300 _a56P. :
500 _aincludes index
650 _aSchool management and organization.
710 _a Commonwealth Secretariat.; Association for the Development of Education in Africa. Working Group on the Teaching Profession.
942 _2lcc
_cBK
_h1738.5
_iBET
_kLB